[Event "2017 Oceania Zone 3.6 Zonal Championshi"]
[Site "Auckland NZL"]
[Date "2017.01.20"]
[Round "9.20"]
[White "Parsonage, Ian P"]
[Black "Lim, Benjamin U"]
[Result "1-0"]
[WhiteElo "2043"]
[BlackElo "1920"]
[PlyCount "163"]
[EventDate "2017.01.14"]

1. e4 e5 2. Nf3 Nc6 3. Bc4 Bc5 4. O-O Nf6 5. d3 d6 6. c3 Bg4 7. b4 Bb6 8. a4 a5
9. b5 Nb8 10. Re1 O-O 11. h3 Be6 12. Bxe6 fxe6 13. Qb3 Qe7 14. Nbd2 Nbd7 15. d4
Nh5 16. Nc4 Nf4 17. Bxf4 exf4 18. Nxb6 Nxb6 19. c4 Nd7 20. e5 Kh8 21. Ra2 Rf5
22. Rae2 dxe5 23. Nxe5 Nxe5 24. Rxe5 Rxe5 25. Rxe5 Re8 26. Qf3 Qb4 27. Qxf4
Qxc4 28. Qf7 Rg8 29. d5 Qc5 30. Qxe6 h6 31. Re3 Rf8 32. Qe7 Qc1+ 33. Re1 Qf4
34. f3 Rf5 35. Re4 Qc1+ 36. Kh2 Qc2 37. b6 cxb6 38. d6 Kh7 39. Qxb7 Qc5 40. Qc7
Rf8 41. Qe7 Rf6 42. d7 Qxe7 43. Rxe7 Rd6 44. Kg3 Rd4 45. Kf2 Kg6 46. Re6+ Kf7
47. Rxb6 Rxd7 48. Rb5 Ra7 49. Re5 Kf6 50. f4 g6 51. h4 Ra6 52. g4 Ra7 53. Ke3
Ra8 54. Kd4 Ra7 55. Kc4 Ra8 56. Rc5 Re8 57. Kb5 Ra8 58. Kb6 Rd8 59. g5+ Kg7 60.
Rc7+ Kg8 61. gxh6 Rd5 62. Rg7+ Kh8 63. Rxg6 Rf5 64. Rg5 Rxf4 65. Kxa5 Kh7 66.
h5 Kxh6 67. Rb5 Kg7 68. Rd5 Kf7 69. Kb5 Ke6 70. Rg5 Kf6 71. Rc5 Ke6 72. a5 Kd6
73. Rg5 Rf2 74. Kb6 Rb2+ 75. Rb5 Rc2 76. a6 Rc6+ 77. Kb7 Rc7+ 78. Kb8 Rh7 79.
a7 Rh8+ 80. Kb7 Rh7+ 81. Ka6 Rh8 82. Rb8 1-0

[Event "2017 Oceania Zone 3.6 Zonal Championshi"]
[Site "Auckland NZL"]
[Date "2017.01.20"]
[Round "9.24"]
[White "Ng, Clive"]
[Black "Crowley, Regan"]
[Result "1-0"]
[WhiteElo "1997"]
[BlackElo "1761"]
[PlyCount "49"]
[EventDate "2017.01.14"]

1. e4 e6 2. d4 d5 3. Nc3 Nf6 4. Bg5 Bb4 5. exd5 exd5 6. Bd3 c6 7. Nge2 Bd6 8.
Ng3 h6 9. Bd2 O-O 10. O-O Bg4 11. f3 Bh5 12. Nf5 Bc7 13. Ne2 Re8 14. Nf4 Nbd7
15. Ng3 Bxf4 16. Bxf4 Nf8 17. Nf5 Bg6 18. Qd2 Ne6 19. Be5 Nd7 20. Bg3 Qg5 21.
f4 Qh5 22. Nd6 Bxd3 23. Qxd3 Rab8 24. Rae1 Nf6 25. Re5 1-0

[Event "2017 Oceania Zone 3.6 Zonal Championshi"]
[Site "Auckland NZL"]
[Date "2017.01.20"]
[Round "9.25"]
[White "Huang, Alex"]
[Black "Eade, Don"]
[Result "1/2-1/2"]
[WhiteElo "1993"]
[BlackElo "1831"]
[PlyCount "48"]
[EventDate "2017.01.14"]

1. d4 Nf6 2. c4 g6 3. Nc3 Bg7 4. e4 O-O 5. f3 d6 6. Be3 e5 7. Nge2 Nc6 8. d5
Ne7 9. Qd2 Nd7 10. O-O-O f5 11. Bh6 Nf6 12. h4 f4 13. Bxg7 Kxg7 14. g3 Nh5 15.
gxf4 exf4 16. Bh3 Kg8 17. Bg4 Bxg4 18. fxg4 Ng3 19. Nxg3 fxg3 20. Qe3 Rf2 21.
Qxg3 Qf8 22. Rhe1 Rf3 23. Qh2 Rf2 24. Qg3 Rf3 1/2-1/2

[Event "2017 Oceania Zone 3.6 Zonal Championshi"]
[Site "Auckland NZL"]
[Date "2017.01.20"]
[Round "9.26"]
[White "Goodhue, Nathan"]
[Black "Narenthran, Tharmaratnam"]
[Result "1-0"]
[WhiteElo "1966"]
[BlackElo "1909"]
[PlyCount "121"]
[EventDate "2017.01.14"]

1. b3 Nf6 2. Bb2 g6 3. e4 d6 4. f4 Bg7 5. Nf3 Nc6 6. Bb5 O-O 7. Bxc6 bxc6 8. d3
d5 9. e5 Ng4 10. Qe2 a5 11. a4 Ba6 12. Bd4 Nh6 13. e6 Bxd4 14. Nxd4 Qd6 15. g3
c5 16. exf7+ Rxf7 17. Nf3 c4 18. O-O cxd3 19. cxd3 Qb6+ 20. Kh1 Nf5 21. Nbd2
Qe3 22. Qxe3 Nxe3 23. Rfc1 e6 24. Rc5 Bxd3 25. Ne5 Be4+ 26. Nxe4 dxe4 27. Nxf7
Kxf7 28. Re1 Nd5 29. Rxe4 Ra6 30. Re1 h5 31. Rec1 Ke7 32. Rb5 c6 33. Rb7+ Kf6
34. Rb8 Ke7 35. Rg8 Kf7 36. Rc8 Nb4 37. Rc7+ Kf6 38. Rc5 Ra8 39. Rb7 Ra6 40.
Kg2 Ra8 41. Rxb4 axb4 42. Rxc6 Rb8 43. Rc5 Ke7 44. Kh3 Kd6 45. Rg5 Rc8 46. Rb5
e5 47. fxe5+ Ke6 48. Rxb4 g5 49. Rc4 Rd8 50. Rc2 Rd3 51. Rb2 Kxe5 52. a5 Kd6
53. a6 Kc7 54. a7 Kb7 55. Ra2 Ka8 56. Ra5 g4+ 57. Kh4 Rxb3 58. Kxh5 Rb2 59.
Kxg4 Rxh2 60. Kg5 Rh1 61. g4 1-0

[Event "2017 Oceania Zone 3.6 Zonal Championshi"]
[Site "Auckland NZL"]
[Date "2017.01.20"]
[Round "9.27"]
[White "Louie, Jared"]
[Black "Ang, Alphaeus Wei Ern"]
[Result "1/2-1/2"]
[WhiteElo "1895"]
[BlackElo "2271"]
[PlyCount "35"]
[EventDate "2017.01.14"]

1. d4 Nf6 2. Nf3 g6 3. g3 Bg7 4. Bg2 O-O 5. O-O d6 6. c4 Nc6 7. Nc3 e5 8. d5
Ne7 9. b3 Ne8 10. Bb2 h6 11. e3 f5 12. Qd2 g5 13. h3 Ng6 14. Nh2 Nf6 15. e4 f4
16. g4 Rf7 17. f3 Bf8 18. Rf2 1/2-1/2

[Event "2017 Oceania Zone 3.6 Zonal Championshi"]
[Site "Auckland NZL"]
[Date "2017.01.20"]
[Round "9.29"]
[White "Yan, Matthew"]
[Black "Hair, Philip I"]
[Result "1-0"]
[WhiteElo "2019"]
[BlackElo "1877"]
[PlyCount "55"]
[EventDate "2017.01.14"]

1. e4 e6 2. d4 d5 3. Nc3 dxe4 4. Nxe4 Bd7 5. Nf3 Bc6 6. Bd3 Nd7 7. Bf4 Ngf6 8.
Qe2 Nxe4 9. Bxe4 Bxe4 10. Qxe4 c6 11. O-O Nf6 12. Qe2 Be7 13. Rad1 O-O 14. Ne5
Qa5 15. a3 Rad8 16. c4 Qa6 17. Qf3 Qb6 18. Rd2 a5 19. Rfd1 a4 20. Bg3 Qa5 21.
Rd3 Nd7 22. c5 Nxe5 23. Bxe5 f6 24. Bg3 e5 25. dxe5 Rxd3 26. Qxd3 Qxc5 27. e6
Rd8 28. Qxd8+ 1-0

[Event "2017 Oceania Zone 3.6 Zonal Championshi"]
[Site "Auckland NZL"]
[Date "2017.01.20"]
[Round "9.30"]
[White "Nagorski, Alex"]
[Black "Bhat, Vishal"]
[Result "1/2-1/2"]
[WhiteElo "1771"]
[BlackElo "1995"]
[PlyCount "29"]
[EventDate "2017.01.14"]

1. e4 e5 2. Nf3 Nc6 3. Bc4 Bc5 4. d3 h6 5. O-O Nf6 6. c3 d6 7. h3 O-O 8. b4 Bb6
9. a4 a6 10. a5 Ba7 11. Qb3 Qe7 12. Re1 Be6 13. Bxe6 Qxe6 14. Qxe6 fxe6 15. Be3
1/2-1/2

[Event "2017 Oceania Zone 3.6 Zonal Championshi"]
[Site "Auckland NZL"]
[Date "2017.01.20"]
[Round "9.34"]
[White "Buciu, Aurel-John"]
[Black "Willathgamuwa, Kevin"]
[Result "1-0"]
[WhiteElo "1718"]
[BlackElo "1966"]
[PlyCount "105"]
[EventDate "2017.01.14"]

1. d4 Nf6 2. Bf4 d5 3. e3 e6 4. Nf3 c5 5. c3 Nc6 6. Be2 Bd6 7. Bg5 O-O 8. Nbd2
h6 9. Bh4 e5 10. dxe5 Nxe5 11. Nxe5 Bxe5 12. Nf3 Bc7 13. Bxf6 gxf6 14. Qd3 Be6
15. g4 Kg7 16. Nh4 Qd7 17. O-O-O Rad8 18. f4 Qa4 19. Nf5+ Bxf5 20. Qxf5 Qe4 21.
Qxe4 dxe4 22. Bc4 b6 23. Rxd8 Rxd8 24. Rd1 f5 25. Rxd8 Bxd8 26. gxf5 Kf6 27.
Bd5 Kxf5 28. Bxf7 Kg4 29. Be6+ Kf3 30. Kd2 Bh4 31. h3 Bf2 32. Bg4+ Kg2 33. Ke2
Bh4 34. c4 Bf6 35. b3 Kg3 36. Bf5 h5 37. Bxe4 h4 38. Bf5 Bg7 39. Bg4 Bf6 40.
Kd3 Bb2 41. Ke4 Kf2 42. f5 Bc1 43. Kd5 Kxe3 44. f6 Kd3 45. Kc6 Kc3 46. Kb7 Bg5
47. f7 Be7 48. Kxa7 Kb2 49. Kxb6 Kxa2 50. Kc6 Kxb3 51. Kd7 Bf8 52. Be6 Kc3 53.
Ke8 1-0

[Event "2017 Oceania Zone 3.6 Zonal Championshi"]
[Site "Auckland NZL"]
[Date "2017.01.20"]
[Round "9.35"]
[White "Borg, Zen"]
[Black "Chan, Anthony"]
[Result "0-1"]
[WhiteElo "1709"]
[BlackElo "1881"]
[PlyCount "122"]
[EventDate "2017.01.14"]

1. d4 d5 2. c4 c6 3. Nc3 Nf6 4. Bf4 e6 5. e3 Bd6 6. Bg5 Be7 7. Nf3 Nbd7 8. Bd3
dxc4 9. Bxc4 b5 10. Bd3 b4 11. Ne2 c5 12. O-O Bb7 13. Rc1 Qa5 14. Bb1 Rd8 15.
Bf4 Bxf3 16. gxf3 cxd4 17. Nxd4 Nb6 18. Qe2 Rxd4 19. exd4 Qh5 20. Kg2 O-O 21.
Qe5 Nbd5 22. Qxh5 Nxf4+ 23. Kh1 N6xh5 24. Rc7 Nd5 25. Rxa7 Bf6 26. Rd1 g6 27.
Be4 Nhf4 28. a4 bxa3 29. bxa3 Rc8 30. a4 Bxd4 31. Rb7 Bxf2 32. Bxd5 Nxd5 33. a5
Ra8 34. Ra1 Ra6 35. Rb5 Bd4 36. Rd1 Bc3 37. Rc1 Rxa5 38. Rxa5 Bxa5 39. Kg2 Bd2
40. Rb1 Kg7 41. Kf2 h5 42. h3 h4 43. Ra1 Bf4 44. Ke2 Bg3 45. Kf1 Nf4 46. Kg1
Nxh3+ 47. Kg2 Nf4+ 48. Kh1 Kf6 49. Ra5 Nd5 50. Kg2 g5 51. Ra4 Nf4+ 52. Kh1 e5
53. Rc4 Kf5 54. Ra4 f6 55. Ra6 Nh5 56. Kg2 Be1 57. Ra4 Bc3 58. Re4 Bd4 59. Kh3
Nf4+ 60. Kh2 g4 61. Re1 g3+ 0-1

[Event "2017 Oceania Zone 3.6 Zonal Championshi"]
[Site "Auckland NZL"]
[Date "2017.01.20"]
[Round "9.36"]
[White "Yung, Cameron"]
[Black "Shen, Terry"]
[Result "1-0"]
[WhiteElo "1862"]
[BlackElo "1706"]
[PlyCount "95"]
[EventDate "2017.01.14"]

1. e4 c5 2. c3 e6 3. d4 d5 4. exd5 exd5 5. Nf3 Nc6 6. Bd3 c4 7. Bc2 Bd6 8. Bg5
Nge7 9. O-O O-O 10. Ne5 Qc7 11. Qh5 g6 12. Qh4 Nf5 13. Bxf5 Bxf5 14. f4 Be7 15.
Nxc6 Bxg5 16. fxg5 bxc6 17. Rf3 Qd7 18. Nd2 Rae8 19. Rf2 Be4 20. Rf4 Qb7 21. b4
cxb3 22. axb3 Bc2 23. Qh6 Re2 24. Rf2 Rxf2 25. Kxf2 f6 26. Kg1 fxg5 27. Qxg5
Qf7 28. Rf1 Qe6 29. Rxf8+ Kxf8 30. Qf4+ Ke7 31. Qc7+ Qd7 32. Qxd7+ Kxd7 33. b4
Ke6 34. Kf2 Be4 35. Nxe4 dxe4 36. c4 a6 37. Ke3 Kf5 38. g4+ Ke6 39. Kxe4 h5 40.
g5 h4 41. d5+ cxd5+ 42. cxd5+ Kd6 43. h3 Kd7 44. Ke5 Ke7 45. d6+ Kd7 46. Kd5
Kc8 47. Kc6 Kd8 48. d7 1-0

[Event "2017 Oceania Zone 3.6 Zonal Championshi"]
[Site "Auckland NZL"]
[Date "2017.01.20"]
[Round "9.37"]
[White "Kumar, Viney"]
[Black "Picken, Oliver"]
[Result "0-1"]
[WhiteElo "1703"]
[BlackElo "1853"]
[PlyCount "70"]
[EventDate "2017.01.14"]

1. Nf3 Nf6 2. d4 g6 3. c4 Bg7 4. Nc3 O-O 5. g3 d6 6. Bg2 Nbd7 7. O-O c5 8. d5
a6 9. a4 b6 10. e4 Rb8 11. Qe2 Ne8 12. Re1 Ne5 13. Nh4 Nc7 14. f4 Nd7 15. Bh3
Re8 16. Rb1 Nf8 17. Bxc8 Qxc8 18. e5 Qd7 19. Qg2 dxe5 20. fxe5 b5 21. Qe2 Rec8
22. Be3 bxc4 23. Qxc4 Bxe5 24. Bxc5 Bxc3 25. Rxe7 Qxd5 26. Qxc3 Nce6 27. b4
Rxc5 28. Qe1 Rc4 29. Rd1 Qg5 30. Rxf7 Kxf7 31. Qf1+ Rf4 32. Qxa6 Rfxb4 33. Rf1+
Kg8 34. Qa7 Qc5+ 35. Qxc5 Nxc5 0-1

[Event "2017 Oceania Zone 3.6 Zonal Championshi"]
[Site "Auckland NZL"]
[Date "2017.01.20"]
[Round "9.38"]
[White "Shen, Kevin"]
[Black "Taylor, Richard"]
[Result "0-1"]
[WhiteElo "1672"]
[BlackElo "1848"]
[PlyCount "96"]
[EventDate "2017.01.14"]

1. e3 d6 2. c4 g6 3. d4 Bg7 4. Nc3 Nc6 5. f4 Nf6 6. d5 Nb8 7. e4 Nbd7 8. Be3
O-O 9. Bd3 e6 10. h3 exd5 11. cxd5 Re8 12. Qc2 Nb6 13. Nge2 Nbxd5 14. Bd2 Nb4
15. Qb1 Nxd3+ 16. Qxd3 Nxe4 17. Nxe4 Bf5 18. N2c3 Bxe4 19. Nxe4 d5 20. O-O-O
Rxe4 21. Rhf1 Rd4 22. Qg3 Rc4+ 23. Kb1 Qf6 24. Qb3 Qf5+ 25. Ka1 b6 26. Rc1
Rxc1+ 27. Rxc1 c5 28. Re1 Qd7 29. Qf3 Rd8 30. g4 f5 31. g5 b5 32. h4 d4 33. h5
d3 34. hxg6 hxg6 35. Qh3 b4 36. Rc1 Qd4 37. Rb1 c4 38. Be3 Qxb2+ 39. Rxb2 d2
40. Bxd2 Rxd2 41. Qh1 Rxb2 42. Qa8+ Kh7 43. a3 Rb3+ 44. Ka2 Rxa3+ 45. Kb1 Ra1+
46. Kc2 b3+ 47. Kd2 b2 48. Ke3 b1=Q 0-1

[Event "2017 Oceania Zone 3.6 Zonal Championshi"]
[Site "Auckland NZL"]
[Date "2017.01.20"]
[Round "9.39"]
[White "Jacobs, Hilton J"]
[Black "Maligin, William"]
[Result "0-1"]
[WhiteElo "1678"]
[BlackElo "1834"]
[PlyCount "50"]
[EventDate "2017.01.14"]

1. Nf3 Nf6 2. b3 g6 3. Bb2 Bg7 4. c4 O-O 5. e3 d6 6. d4 e5 7. dxe5 dxe5 8. Qxd8
Rxd8 9. Bxe5 Nc6 10. Bb2 Nb4 11. Na3 Bf5 12. Be2 Bd3 13. Bc3 Ne4 14. Bxg7 Kxg7
15. Bd1 Nc3 16. Ne5 Ncxa2 17. h4 Nc3 18. f3 Re8 19. Nxd3 Nxd3+ 20. Kf1 Rxe3 21.
Nc2 Re7 22. g3 Nb2 23. Ra5 Nbxd1 24. g4 Re2 25. Ne1 Ne3+ 0-1

[Event "2017 Oceania Zone 3.6 Zonal Championshi"]
[Site "Auckland NZL"]
[Date "2017.01.20"]
[Round "9.40"]
[White "Lin, Kerry"]
[Black "Fikh, Anthony"]
[Result "0-1"]
[WhiteElo "1828"]
[BlackElo "1553"]
[PlyCount "89"]
[EventDate "2017.01.14"]

1. e4 c6 2. g3 d5 3. e5 c5 4. c3 Nc6 5. d4 cxd4 6. cxd4 Qb6 7. Ne2 Bg4 8. Nbc3
Bf3 9. Rg1 e6 10. a3 Nge7 11. Bh3 Bxe2 12. Nxe2 Na5 13. b4 Nc4 14. Nc3 Nc6 15.
Be3 a5 16. b5 Na7 17. Qa4 Be7 18. Ke2 Nc8 19. Rgb1 h6 20. f4 g6 21. Kf2 Na7 22.
Rb3 h5 23. Rbb1 g5 24. f5 Nxe3 25. Kxe3 g4 26. Bg2 Bg5+ 27. Kd3 O-O 28. f6 Rac8
29. Bxd5 Rfd8 30. Bxe6 Qxe6 31. Re1 Qf5+ 32. Re4 Rxc3+ 33. Kxc3 Qxe4 34. Rd1
Rc8+ 35. Kb2 Qe2+ 36. Ka1 Qxd1+ 37. Qxd1 Rc1+ 38. Kb2 Rxd1 39. a4 Rxd4 40. e6
fxe6 41. h4 gxh3 42. f7+ Kxf7 43. g4 h2 44. gxh5 h1=Q 45. b6 0-1

[Event "2017 Oceania Zone 3.6 Zonal Championshi"]
[Site "Auckland NZL"]
[Date "2017.01.20"]
[Round "9.41"]
[White "Li, Rodney Xiang Rui"]
[Black "Willathgamuwa, Rowan"]
[Result "1-0"]
[WhiteElo "1525"]
[BlackElo "1806"]
[PlyCount "58"]
[EventDate "2017.01.14"]

1. e4 c5 2. Nf3 d6 3. d4 cxd4 4. Nxd4 Nf6 5. Nc3 g6 6. f3 Bg7 7. Be3 a6 8. Qd2
h6 9. O-O-O Nbd7 10. g4 b5 11. h4 Bb7 12. Bg2 Ne5 13. Bf4 Nc4 14. Qf2 e5 15. g5
hxg5 16. Bxg5 exd4 17. Qxd4 Nh5 18. Qxc4 bxc4 19. Bxd8 Rxd8 20. Na4 O-O 21. Nb6
c3 22. bxc3 Bxc3 23. Nc4 Ng3 24. Rh3 Ne2+ 25. Kb1 Bd5 26. Na5 Bxa5 27. Kb2 Rb8+
28. Ka3 Bb4+ 29. Ka4 Nc3# 1-0

[Event "2017 Oceania Zone 3.6 Zonal Championshi"]
[Site "Auckland NZL"]
[Date "2017.01.20"]
[Round "9.42"]
[White "Oka, Hikaru"]
[Black "Plaganyi, Gyula"]
[Result "0-1"]
[WhiteElo "1559"]
[BlackElo "1790"]
[PlyCount "66"]
[EventDate "2017.01.14"]

1. e4 c5 2. Nf3 g6 3. c3 Bg7 4. d4 cxd4 5. cxd4 d5 6. e5 Bg4 7. Bb5+ Nd7 8. h3
Bxf3 9. Qxf3 a6 10. Ba4 e6 11. Nc3 Ne7 12. Bg5 b5 13. Bc2 Rc8 14. Bd3 Qb6 15.
Rd1 Qxd4 16. O-O Qb4 17. a3 Qxb2 18. Bxe7 Nxe5 19. Qg3 Kxe7 20. Nxd5+ exd5 21.
Rfe1 Rhe8 22. f4 Kf8 23. fxe5 Rxe5 24. Rxe5 Qxe5 25. Qg4 Qd4+ 26. Qxd4 Bxd4+
27. Kf1 Bf6 28. a4 bxa4 29. Bxa6 Rc5 30. Bb7 d4 31. Ra1 Ra5 32. Bc6 a3 33. Ke2
d3+ 0-1

[Event "2017 Oceania Zone 3.6 Zonal Championshi"]
[Site "Auckland NZL"]
[Date "2017.01.20"]
[Round "9.44"]
[White "Gold, Hamish R"]
[Black "Renjith, Sravan"]
[Result "0-1"]
[WhiteElo "1792"]
[BlackElo "1612"]
[PlyCount "74"]
[EventDate "2017.01.14"]

1. e4 e5 2. f4 d6 3. Bc4 Nf6 4. d3 Nc6 5. Nf3 Be7 6. O-O O-O 7. h3 exf4 8. Bxf4
Be6 9. Nc3 Bxc4 10. dxc4 Re8 11. Qe2 Bf8 12. Bg5 Be7 13. Bxf6 Bxf6 14. Nd5 Bxb2
15. Rab1 Nd4 16. Qd3 Nxf3+ 17. Qxf3 Bd4+ 18. Kh1 Qd7 19. Rxb7 Bb6 20. Qg3 Kh8
21. Rf4 Re6 22. Qf3 f6 23. Rh4 Re5 24. Nf4 Rg5 25. e5 Re8 26. e6 Qa4 27. Qd3 f5
28. a3 Qa5 29. Qf1 Qxa3 30. Nd3 Qa6 31. Rxb6 axb6 32. Qf4 Qa1+ 33. Kh2 Qf6 34.
c5 bxc5 35. Qa4 Qxe6 36. Nf4 Qf7 37. Nh5 Rxh5 0-1

[Event "2017 Oceania Zone 3.6 Zonal Championshi"]
[Site "Auckland NZL"]
[Date "2017.01.20"]
[Round "9.45"]
[White "Wang, Aaron Ziwen"]
[Black "Cabunagan, Tito"]
[Result "1-0"]
[WhiteElo "1598"]
[BlackElo "1779"]
[PlyCount "109"]
[EventDate "2017.01.14"]

1. c4 e6 2. Nc3 Nf6 3. Nf3 d5 4. d4 Bb4 5. cxd5 Bxc3+ 6. bxc3 Nxd5 7. Bb2 O-O
8. e4 Nf6 9. Bd3 h6 10. O-O c6 11. Ba3 Re8 12. e5 Nd5 13. c4 Nb6 14. Bd6 Kh8
15. c5 Nd5 16. Qd2 b5 17. Be4 a5 18. Bxd5 exd5 19. a3 Bg4 20. Qf4 Bxf3 21. Qxf3
Qd7 22. Rfe1 Qe6 23. Qg3 Nd7 24. f4 Nf8 25. Rf1 Qf5 26. Bxf8 Rxf8 27. Rae1 Rfe8
28. Qh3 Qxh3 29. gxh3 b4 30. axb4 axb4 31. Rb1 Ra4 32. f5 b3 33. Rxb3 Rxd4 34.
Rb6 Rc8 35. Re1 Kg8 36. e6 fxe6 37. fxe6 Re4 38. Rxe4 dxe4 39. Kf2 Kh7 40. Ke3
Kg6 41. Kxe4 Kf6 42. Rb7 Re8 43. e7 h5 44. h4 Ke6 45. Rc7 Rxe7 46. Rxe7+ Kxe7
47. Ke5 Kd7 48. Kf5 Ke7 49. Kg6 Ke6 50. Kxh5 Kd5 51. Kg6 Kxc5 52. Kxg7 Kb4 53.
h5 c5 54. h6 c4 55. h7 1-0

[Event "2017 Oceania Zone 3.6 Zonal Championshi"]
[Site "Auckland NZL"]
[Date "2017.01.20"]
[Round "9.46"]
[White "Lu, Lillian"]
[Black "Prasad, Rudr"]
[Result "1-0"]
[WhiteElo "1710"]
[BlackElo "1566"]
[PlyCount "71"]
[EventDate "2017.01.14"]

1. e4 c5 2. c3 d6 3. d4 cxd4 4. cxd4 Nf6 5. Nc3 g6 6. Nf3 Nc6 7. h3 e6 8. Bg5
Bg7 9. Be2 Qd7 10. d5 a6 11. dxc6 bxc6 12. e5 Nd5 13. Nxd5 cxd5 14. Bf6 O-O 15.
Bxg7 Kxg7 16. Qd4 Kg8 17. O-O Qe7 18. Rfc1 dxe5 19. Nxe5 Bb7 20. Rc3 f6 21. Nc6
Qd7 22. Rac1 e5 23. Qb4 Bxc6 24. Rxc6 a5 25. Qc5 d4 26. Rc7 Qd8 27. Qc6 Rb8 28.
Qe6+ Kh8 29. Rd7 Qe8 30. Rcc7 Rf7 31. Qxe8+ Rxe8 32. Rxf7 f5 33. Rxh7+ Kg8 34.
Bc4+ Re6 35. Bxe6+ Kf8 36. Rh8# 1-0

[Event "2017 Oceania Zone 3.6 Zonal Championshi"]
[Site "Auckland NZL"]
[Date "2017.01.20"]
[Round "9.47"]
[White "Perrin, Kevin J"]
[Black "Lim, Christopher"]
[Result "0-1"]
[WhiteElo "1537"]
[BlackElo "1691"]
[PlyCount "76"]
[EventDate "2017.01.14"]

1. c4 e5 2. Nc3 Nf6 3. g3 c6 4. Bg2 Bd6 5. e4 Bc7 6. Nf3 d5 7. cxd5 cxd5 8.
exd5 Nxd5 9. Qb3 Nb6 10. O-O O-O 11. Re1 Nc6 12. a3 Be6 13. Qc2 f6 14. Ne4 Bd5
15. b4 Bxe4 16. Rxe4 f5 17. Rh4 e4 18. Ne1 Be5 19. Bb2 Nd4 20. Bxd4 Qxd4 21.
Ra2 Kh8 22. d3 Qc3 23. Qe2 Bf6 24. Rh3 exd3 25. Nxd3 Rae8 26. Qh5 h6 27. Nf4
Re1+ 28. Bf1 Qc1 29. Ng6+ Kg8 30. Qxf5 Rxf1+ 31. Kg2 Rg1+ 32. Kf3 Qc3+ 33. Kg4
Qc4+ 34. Qf4 Qxa2 35. Nxf8 Qe2+ 36. f3 Kxf8 37. Qd6+ Qe7 38. Qb8+ Qd8 0-1

[Event "2017 Oceania Zone 3.6 Zonal Championshi"]
[Site "Auckland NZL"]
[Date "2017.01.20"]
[Round "9.48"]
[White "Dai, Oliver"]
[Black "Cooper, Nigel"]
[Result "1/2-1/2"]
[WhiteElo "1432"]
[BlackElo "1643"]
[PlyCount "76"]
[EventDate "2017.01.14"]

1. e4 Nc6 2. d4 e5 3. d5 Nce7 4. Nf3 d6 5. c4 Ng6 6. Nc3 Nf6 7. Bg5 Be7 8. Bd3
h6 9. Be3 O-O 10. O-O Bg4 11. h3 Bd7 12. Qb3 Qc8 13. Kh2 Nh5 14. Ne2 b6 15. Qc2
f5 16. exf5 Bxf5 17. Bxf5 Qxf5 18. Qxf5 Rxf5 19. Ng3 Nxg3 20. fxg3 Raf8 21. h4
e4 22. Nd2 Rxf1 23. Rxf1 Rxf1 24. Nxf1 Ne5 25. b3 Ng4+ 26. Kh3 Nxe3 27. Nxe3
Kf7 28. Kg4 Bf6 29. Kf4 Be5+ 30. Kxe4 Bxg3 31. Nf5 Be1 32. h5 Kf6 33. g4 Bc3
34. Ne3 Bd2 35. Nc2 Kg5 36. Kf3 Bc3 37. Ne3 Bd4 38. Nc2 Bc3 1/2-1/2

[Event "2017 Oceania Zone 3.6 Zonal Championshi"]
[Site "Auckland NZL"]
[Date "2017.01.20"]
[Round "9.50"]
[White "Archer, Saffron"]
[Black "Mukkattu, Philip"]
[Result "1/2-1/2"]
[WhiteElo "1417"]
[BlackElo "1705"]
[PlyCount "51"]
[EventDate "2017.01.14"]

1. e4 c6 2. d4 d5 3. Nc3 dxe4 4. Nxe4 Bf5 5. Ng3 Bg6 6. h4 h6 7. Nf3 Nd7 8. Bd3
Bxd3 9. Qxd3 e6 10. c3 Ngf6 11. Bd2 Be7 12. O-O-O c5 13. Ne4 O-O 14. Rdg1 cxd4
15. Nxd4 Ng4 16. Qh3 Ngf6 17. Nxf6+ Bxf6 18. Nf3 Nc5 19. Be3 Qa5 20. Bxc5 Qxc5
21. g4 g6 22. g5 Bg7 23. gxh6 Bxh6+ 24. Kb1 Qh5 25. Qg4 Qxg4 26. Rxg4 1/2-1/2

[Event "2017 Oceania Zone 3.6 Zonal Championshi"]
[Site "Auckland NZL"]
[Date "2017.01.20"]
[Round "9.52"]
[White "Murdoch, Stephen"]
[Black "Oka, Tsukasa"]
[Result "0-1"]
[WhiteElo "1438"]
[BlackElo "1276"]
[PlyCount "48"]
[EventDate "2017.01.14"]

1. d4 Nf6 2. e3 d5 3. Bd3 c5 4. b3 e6 5. Nf3 Nc6 6. Bb2 Be7 7. O-O O-O 8. dxc5
Bxc5 9. a3 Bd7 10. b4 Bb6 11. Nbd2 Re8 12. c4 dxc4 13. Nxc4 Bc7 14. Bxf6 gxf6
15. Qc2 f5 16. g4 Qf6 17. g5 Qg6 18. Kh1 b5 19. Ncd2 a6 20. Rg1 Be5 21. Nxe5
Nxe5 22. Be2 Rac8 23. Qd1 Bc6+ 24. f3 Ng4 0-1